| 000 | 00574nam a2200193Ia 4500 | ||
|---|---|---|---|
| 005 | 20250508160646.0 | ||
| 008 | 008 250505s9999 xx 000 0 eng d | ||
| 037 | _aTextual | ||
| 040 |
_aFEDL _beng _cFEDL |
||
| 041 |
_aeng _2eng |
||
| 084 |
_a331.88, JOH _qFEDL |
||
| 100 |
_aJohnston T.L. _9769039 |
||
| 245 | 0 | _aEconomic expansion and structural change : A trade union manifesto | |
| 260 |
_aLondon, UK _bGeorge Allen and Unwin Limited _c1963 |
||
| 300 | _a175p. | ||
| 650 | _aEconomics | ||
| 942 |
_cTEXL _h331.88, JOH |
||
| 999 |
_c1365887 _d1365887 |
||